Las casas vascas : (Record no. 83450)

MARC details
000 -LEADER
campo de control de longitud fija 00532nam a2200169 i 4500
001 - NÚMERO DE CONTROL
campo de control 83450
003 - IDENTIFICADOR DE NÚMERO DE CONTROL
campo de control ES-MaACL
005 - FECHA Y HORA DE LA ÚLTIMA TRANSACCIÓN
campo de control 20230906174829.0
007 - CAMPO FIJO DE DESCRIPCIÓN FÍSICA--INFORMACIÓN GENERAL
campo de control de longitud fija t|
008 - DATOS DE LONGITUD FIJA--INFORMACIÓN GENERAL
campo de control de longitud fija 041117s1929 sp ||||1| spa d
100 1# - ENTRADA PRINCIPAL--NOMBRE DE PERSONA
Nombre de persona Irizar, Joaquín de.
9 (RLIN) 65480
245 14 - MENCIÓN DEL TÍTULO
Título Las casas vascas :
Resto del título torres, palacios, caseríos, chalets, mobiliario /
Mención de responsabilidad, etc. Joaquín de Irizar.
260 ## - PUBLICACIÓN, DISTRIBUCIÓN, ETC.
Lugar de publicación, distribución, etc. San Sebastián :
Nombre del editor, distribuidor, etc. Nueva Editorial,
Fecha de publicación, distribución, etc. 1929.
300 ## - DESCRIPCIÓN FÍSICA
Extensión 116 p., 108 lám. ;
Dimensiones 29 cm.
650 #4 - PUNTO DE ACCESO ADICIONAL DE MATERIA--TÉRMINO DE MATERIA
Término de materia o nombre geográfico como elemento de entrada Viviendas-
Subdivisión geográfica País Vasco.
9 (RLIN) 170179
852 4# - LOCALIZACIÓN
Ubicación ES-MaACL
Número de control de estantería B-3390
Holdings
Estatus retirado Estado de pérdida Estado de daño No para préstamo Biblioteca de origen Biblioteca actual Ubicación en estantería Fecha de adquisición Fuente de adquisición Total de préstamos Signatura topográfica completa Código de barras Visto por última vez Precio de reemplazo Tipo de ítem Koha
        Biblioteca del Ateneo de Madrid Biblioteca del Ateneo de Madrid Sala Pardo Bazán 17/01/2008     B-3390 1087216 23/02/2023 23/02/2023 Libro impreso